000 00913nam a22002897a 4500
003 CHAP
005 20220329143709.0
008 110211s1990 us a r 00010 eng d
010 _a100496
011 _a101468
020 _a9930588460
035 _a112156
040 _cCHAP
082 0 4 _a581.632
_bR67
100 1 _aRoos Collins, Margit
_999797
245 1 4 _aThe flavors of home :
_ba guide to wild edible plants of the San Francisco Bay area
_c/por Margit Roos - Collins
260 _eBerkeley California:
_bHeyday Books,
_c1990
300 _a224 p. :
_bilus.
590 _aBATCH-UPD
_b10
_c20130110
_lUCH01
_h1626
590 _aCONVERSION
_b10
_c20130109
_lUCH01
_h1355
650 1 4 _aPlantas comestibles
_xE.U.A.
_988914
650 1 4 _aPlantas silvestres.
_989083
901 _aBK
911 _aen proceso
942 _cLIBRO
949 _a581.632 R67
_bBC
_cLIBRO
_d33724002231322
_eLIBRO
_h114261
_i112156
_sb
999 _c100496
_d100496